000 00647nam a2200217Ii 4500
003 JO-AjNU
008 230605s9999||||xx |||||||||||||| ||und||
017 _a92003/1/48
040 _aJO-AjNU
_bara
_erda
_cJO-AjNU
041 _aara
050 1 4 _aPJ7950 2003
100 3 _aسكجها، باسم,
_eauthor
_949092
245 0 0 _aدرب الحليب: رواية
250 _aط1
264 3 1 _aعمان:مؤسسة الأرشيف العربي،2003
300 _a288ص
336 _atext
_btxt
_2rdacontent
337 _aunmediated
_bn
_2rdamedia
338 _avolume
_bnc
_2rdacarrier
650 4 _aالأدب العربي - روايات
_949093
999 _aA21541
_c25109
_d25109